She Will Be Loved - Maroon 5 Lyrics - Statistics

General Stats
  • This quiz has been taken 248 times
  • The average score is 224 of 286
Answer Stats
Lyric % Correct
a
99%
be
99%
she
99%
loved
98%
will
98%
and
96%
I
96%
on
96%
he
95%
the
94%
to
92%
her
91%
in
91%
with
91%
you
91%
don't
90%
for
89%
rain
89%
so
88%
mind
87%
want
87%
of
86%
pouring
85%
girl
84%
if
84%
smile
84%
spending
84%
your
84%
ask
83%
broken
83%
door
83%
everyday
83%
look
82%
18
80%
had
80%
only
80%
some
80%
stay
80%
Beauty
79%
queen
79%
while
79%
always
78%
at
78%
but
78%
herself
78%
corner
77%
out
77%
wants
76%
me
75%
trouble
75%
more
73%
who
73%
make
71%
miles
71%
beautiful
70%
my
70%
someone
69%
else
68%
time
68%
was
68%
there
67%
up
66%
belonged
65%
feel
65%
knock
65%
know
65%
drove
64%
help
63%
many
63%
window
63%
somehow
62%
I've
61%
times
61%
wanna
61%
any
60%
that
59%
wound
57%
it's
56%
its
56%
not
55%
tap
55%
oh
54%
doesn't
53%
matter
53%
anymore
52%
yeah
51%
insecure
50%
is
49%
are
48%
get
47%
rainbows
47%
us
47%
butterflies
46%
come
45%
compromise
45%
all
43%
along
43%
where
41%
heart
40%
moves
40%
tend
39%
things
37%
alone
35%
back
35%
car
35%
hide
34%
open
33%
falls
32%
doors
30%
everytime
30%
goodbye
30%
nothing
30%
catch
29%
means
29%
comes
25%
full
16%
begs
7%
No matching quizzes found
Score Distribution
Percent of People with Each Score
Percentile by Number Answered
Your Score History
You have not taken this quiz